Policy conflicts in post-Mao China : a documentary survey with analysis /

Bibliographic Details
Other Authors: Burns, John P., Rosen, Stanley, 1942-
Format: Book
Language:English
Published: Armonk, N.Y. : M.E. Sharpe, [1986]
Subjects:

MARC

Tag First Indicator Second Indicator Subfields
LEADER 00000pam a2200000 a 4500
001 in00000423821
005 20151012060912.0
008 860108s1986 nyua b 00000 eng
010 |a  86000907  
020 |a 0873323378 :  |c $39.95 
020 |a 0873323386 (pbk.) :  |c $14.95 
035 |a (OCoLC)13093983 
035 |9 ABV4226AM 
040 |a DLC  |c DLC  |d TXA  |d UtOrBLW 
043 |a a-cc--- 
049 |a TXAM  |c [A09797724] 
050 0 0 |a JQ1502  |b .P65 1986 
082 0 |a 951.05/7  |2 19 
245 0 0 |a Policy conflicts in post-Mao China :  |b a documentary survey with analysis /  |c John P. Burns, Stanley Rosen, editors. 
264 1 |a Armonk, N.Y. :  |b M.E. Sharpe,  |c [1986] 
264 4 |c ©1986 
300 |a xii, 372 pages :  |b illustrations ;  |c 24 cm. 
336 |a text  |b txt  |2 rdacontent 
337 |a unmediated  |b n  |2 rdamedia 
338 |a volume  |b nc  |2 rdacarrier 
500 |a Contains material translated from the Chinese press. 
500 |a "East gate books." 
500 |a Includes bibliographies. 
650 0 |a Chinese newspapers. 
651 0 |a China  |x Politics and government  |y 1976-2002  |x Sources. 
651 0 |a China  |x History  |y 1976-2002  |x Sources. 
700 1 |a Burns, John P. 
700 1 |a Rosen, Stanley,  |d 1942- 
999 |a MARS 
999 f f |s 949c7477-1f39-3f82-8f01-e368ee0ee79a  |i 6246228f-10bf-3334-b6f3-cd746107f255  |t 0 
952 f f |p ric  |a Texas A&M University  |b Rellis Campus  |c Joint Library Facility  |d Remote Storage  |t 0  |e JQ1502 .P65 1986  |h Library of Congress classification  |i unmediated -- volume  |m A14809797724 
998 f f |a JQ1502 .P65 1986  |t 0  |l Remote Storage